| 000 | 00784nam a22001935i 4500 | ||
|---|---|---|---|
| 001 | 152161 | ||
| 003 | ES-MaACL | ||
| 005 | 20230906204548.0 | ||
| 008 | 981021s1774 be |||| | fre d | ||
| 040 |
_aCCPB | B _bspa _cCCPB | B |
||
| 100 | 1 |
_aBlackstone, William. _929078 |
|
| 245 | 1 | 0 |
_aCommentaires sur les loix angloises / _cde M. Blackstone ; traduits de l´Anglois par M. D. G. sur la quatrieme Edition D`Oxford ; tome troisieme. |
| 260 |
_aA Bruxelles : _bChez J. L. de Boubers, Imprimeur-Libraire, ..., _c1774. |
||
| 300 |
_a[2], 473, [2] p. ; _c8º. |
||
| 596 | _aMarca tip. en port. | ||
| 650 | 0 | 4 |
_aDerecho- _zGran Bretaña. _911624 |
| 700 | 0 |
_aDamiens de Gomicourt, Auguste Pierre. _942573 |
|
| 852 |
_aES-MaACL _jR-373-78 _z-- Enc. hol. _d-- _x Olim: F-10493-98 |
||
| 999 |
_c152161 _d152161 |
||